Directors of Ben Affleck Movies - Statistics

General Stats
  • This quiz has been taken 59 times
  • The average score is 24 of 54
Answer Stats
Year Movie Director % Correct
2023 Air Ben Affleck
100%
2016 Live by Night Ben Affleck
100%
2012 Argo Ben Affleck
100%
2010 The Town Ben Affleck
100%
2021 Zack Snyder's Justice League Zack Snyder
93%
2017 Justice League Zack Snyder
93%
2016 Batman v Superman: Dawn of Justice Zack Snyder
93%
1997 Good Will Hunting Gus Van Sant
88%
2021 The Last Duel Ridley Scott
88%
2001 Pearl Harbour Michael Bay
86%
1998 Armageddon Michael Bay
86%
2014 Gone Girl David Fincher
84%
2004 Jersey Girl Kevin Smith
79%
2001 Jay and Silent Bob Strike Back Kevin Smith
79%
1999 Dogma Kevin Smith
79%
1997 Chasing Amy Kevin Smith
79%
1995 Mallrats Kevin Smith
79%
2023 Hypnotic Robert Rodriguez
53%
2003 Gigli Martin Brest
49%
1993 Dazed and Confused Richard Linklater
49%
2021 The Tender Bar George Clooney
44%
1998 Shakespeare in Love John Madden
44%
2020 The Way Back Gavin O'Connor
37%
2016 The Accountant Gavin O'Connor
37%
2019 Triple Frontier J. C. Chandor
35%
2006 Smokin' Aces Joe Carnahan
35%
2022 Deep Water Adrian Lyne
33%
2009 State of Play Kevin Macdonald
30%
2003 Daredevil Mark Steven Johnson
30%
2012 To the Wonder Terrence Malick
30%
2003 Paycheck John Woo
28%
2002 The Sum of All Fears Phil Alden Robinson
28%
2006 Hollywoodland Allen Coulter
26%
2000 Reindeer Games John Frankenheimer
23%
1992 School Ties Robert Mandel
21%
2002 Changing Lanes Roger Michell
21%
2009 Extract Mike Judge
19%
2004 Surviving Christmas Mike Mitchell
16%
2024 This Is me... Now Dave Meyers
14%
2009 He's Just Not That Into You Ken Kwapis
14%
2013 Runner Runner Brad Furman
12%
1999 Forces of Nature Bronwen Hughes
12%
2020 The Last Thing He Wanted Dee Rees
12%
2010 The Company Men John Wells
12%
2002 The Third Wheel Jordan Brady
12%
2000 Boiler Room Ben Younger
9%
2001 Daddy and Them Billy Bob Thornton
9%
2000 Bounce Don Roos
9%
1998 Phantoms Joe Chappelle
9%
1997 Going All the Way Mark Pellington
9%
2006 Man About Town Mike Binder
9%
1995 Glory Daze Rich Wilkes
9%
1999 200 Cigarettes Risa Bramon Garcia
9%
1981 The Dark End of the Street Jan Egleson
5%
No matching quizzes found
Score Distribution
Percent of People with Each Score
Percentile by Number Answered
Your Score History
You have not taken this quiz